[Event "SRB-ch U14"]
[Site "Kragujevac"]
[Date "2017.04.14"]
[Round "6"]
[White "Engi, Igor"]
[Black "Polic, David"]
[Result "1-0"]
[WhiteElo "1724"]
[BlackElo "1590"]
[PlyCount "85"]
[EventDate "2017.04.11"]
[EventType "swiss"]
[EventRounds "9"]
[EventCountry "SRB"]
[SourceTitle "EXT 2019"]
[Source "ChessBase"]
[SourceDate "2018.10.10"]
[SourceVersion "1"]
[SourceVersionDate "2018.10.10"]
[SourceQuality "1"]

1. e4 e5 2. Nf3 Nc6 3. Bb5 Nf6 4. d3 d6 5. c3 Bd7 6. Ba4 Be7 7. 0-0 0-0 8. Re1 Kh8 9. Nbd2 Nh5 10. Bxc6 Bxc6 11. Nxe5 dxe5 12. Qxh5 Bf6 13. Nc4 Qxd3 14. Nxe5 Qb5 15. Nxf7+ Kg8 16. Qxb5 Bxb5 17. Ng5 Rad8 18. Ne6 Kf7 19. Nxf8 Kxf8 20. Bf4 c6 21. e5 Be7 22. Rad1 Kf7 23. Rxd8 Bxd8 24. e6+ Ke8 25. Bd6 Bg5 26. f4 Bd8 27. Kf2 h5 28. e7 Bb6+ 29. Kf3 c5 30. Re5 g6 31. Kg3 Bc4 32. b3 Bd3 33. Bxc5 Bxc5 34. Rxc5 Be4 35. Re5 Bc6 36. Kh4 Bxg2 37. Kg5 Bc6 38. Kxg6 h4 39. Kf6 a6 40. Rh5 Kd7 41. Rh8 Kd6 42. e8Q Bxe8 43. Rxe8 1-0

[Event "SRB-ch U14"]
[Site "Kragujevac"]
[Date "2017.04.13"]
[Round "4"]
[White "Stankovic, Milos M"]
[Black "Polic, David"]
[Result "1-0"]
[WhiteElo "2005"]
[BlackElo "1590"]
[PlyCount "73"]
[EventDate "2017.04.11"]
[EventType "swiss"]
[EventRounds "9"]
[EventCountry "SRB"]
[SourceTitle "EXT 2019"]
[Source "ChessBase"]
[SourceDate "2018.10.10"]
[SourceVersion "1"]
[SourceVersionDate "2018.10.10"]
[SourceQuality "1"]

1. d4 Nf6 2. c4 g6 3. Nc3 Bg7 4. e4 d6 5. f3 0-0 6. Be3 Re8 7. Nge2 Nbd7 8. Qd2 a5 9. g4 e5 10. d5 Nc5 11. Ng3 Bd7 12. h4 c6 13. h5 cxd5 14. cxd5 Na4 15. Nxa4 Bxa4 16. Be2 Rc8 17. b3 Bd7 18. Bh6 Bh8 19. hxg6 fxg6 20. Kf2 Qb6+ 21. Be3 Qb4 22. g5 Qxd2 23. Bxd2 Nh5 24. Nxh5 gxh5 25. Rxh5 b6 26. Bd3 Rf8 27. Ke3 Kg7 28. Rah1 Kf7 29. Rxh7+ Ke8 30. Rxh8 Kf7 31. Rxf8+ Kxf8 32. Rh8+ Kf7 33. Rxc8 Bxc8 34. f4 exf4+ 35. Kxf4 Kg6 36. e5+ Kg7 37. e6 1-0